Loading...

Sahasayanam

Bibliographic Details
Main Author: Kavabatha,Yasunari
Format: Printed Book
Language:Undetermined
Published: Thrissur Nishagandhi publications 2009
Edition:2
Subjects:
LEADER 00573nam a2200181Ia 4500
008 140316s9999 xx 000 0 und d
020 |a 8187915439 
082 |a 813.1  |b YAS/SA 
100 |a Kavabatha,Yasunari 
245 |a Sahasayanam 
250 |a 2 
260 |a Thrissur  |b Nishagandhi publications  |c 2009 
300 |a 136 
650 |a malayalam 
650 |a malayalam novel 
942 |2 ddc  |c BK 
999 |c 10215  |d 10215 
952 |0 0  |1 0  |2 ddc  |4 0  |6 813_100000000000000_YASSA  |7 0  |9 11419  |a KAUCLV  |b KAUCLV  |c GENERAL  |d 2014-03-18  |l 1  |o 813.1 YAS/SA  |p 218829  |r 2014-10-14  |s 2014-09-29  |w 2014-03-18  |y BK